00459nam a2200121Ia 4500008004100000100001800041245006900059245001700128650001300145856008700158999001900245952007300264170221s9999 xx 000 0 und d aBell, R. Mark aCharismatic Leadership Case Study with Ronald Reagan as Exemplar cR. Mark Bell xBusiness uhttp://www.regent.edu/acad/global/publications/elj/vol6iss1/4elj_vol6iss1_bell.pdf c307485d307485 001040aCLbCLd2017-02-21l0r2017-02-21 00:00:00w2017-02-21yFOJ